000 00781nam a2200253Ia 4500
003 OSt
005 20220918171337.0
006 a|||||r|||| 00| 0
007 ta
008 220917b |||||||| |||| 00| 0 eng d
020 _a9781509528400 (pbk)
_cUSD 22.95
024 _a352,177
037 _b1756, 19/12/2019, Bright Book Service
_cTextual
040 _aARTS
_cARTS
_beng
041 _2eng
_aeng
082 _aW0aQ, Q9
100 _aNewman Saul Au.
_935977
245 0 _aPolitical theology
_b critical introduction
260 _aCambridge
_bPolity Press UK
_c2019
300 _a198p.
_ccm.
650 _aPOLITICAL SCIENCE; RELIGION
_935978
942 _hW0aQ, Q9
_cTEXL
_2CC
999 _c139148
_d139148